Sandy Lyrics (Grease) John Travolta - Statistics

General Stats
  • This quiz has been taken 718 times
  • The average score is 23 of 31
Answer Stats
Lyrics Answer % Correct
What will they ___ Say
97%
Oh please, ___ you'll _____oh Sandy Say
97%
Say
97%
Monday at _____? School
97%
Sandy, can't you ___ See
95%
Stranded at the ____ __ Drive in
93%
I sit and ____ why, oh? Wonder
89%
I sit I _____ why Wonder
89%
Why, you ___ __, oh Sandy Left me
85%
Why you ____ __, oh Sandy? Left me
85%
I'm in _____ Misery
83%
When high school is ___ Done
80%
_____ a fool Branded
78%
Apart
73%
There's nothing left ___ __ For me
72%
Alone
68%
Alone
68%
You made a ____, now we're ____ Start
68%
Oh Sandy, ____, someday Baby
67%
Hurt
66%
Sandy, my _____, you ____ me real bad Darling
65%
Love has _____ all _____ Flown
61%
Love has _____ all ____ Flown
61%
Our two ____ will be one Worlds
61%
You know it's ____ True
59%
Stay
58%
Somehow, ______ Someway
56%
In ______ forever and ever we will be Heaven
53%
But baby you _____ believe me when I ___ Gotta
48%
____, _____, why, oh Sandy? Sandy
43%
I'm _______ without you Helpless
42%
No matching quizzes found
Score Distribution
Percent of People with Each Score
Percentile by Number Answered
Your Score History
You have not taken this quiz